Ekonomické efekty podujatia Oberačka po sebechlebsky na región

Podujatia ako súčasti výletného aj pobytového cestovného ruchu. Pozitívne efekty podujatí v ekonomickej, sociálnej a kultúrnej oblasti. Zhodnotenie ekonomických efektov podujatia Oberačka po sebechlebsky v obci Sebechleby, v okrese Krupina (Nitriansky kraj).

Guardado en:
Detalles Bibliográficos
Autor principal: Michálková, Anna, 1968-
Otros Autores: Poliovková, Juliána
Formato: Capítulo de libro
Lenguaje:eslovaco
Materias:
Etiquetas: Agregar Etiqueta
Sin Etiquetas, Sea el primero en etiquetar este registro!

MARC

LEADER 00000naa a2200000 4500
001 0208749
005 20240502073452.7
041 0 |a slo 
044 |a SK 
245 1 0 |a Ekonomické efekty podujatia Oberačka po sebechlebsky na región  |c Anna Michálková, Juliána Poliovková 
520 |a Podujatia ako súčasti výletného aj pobytového cestovného ruchu. Pozitívne efekty podujatí v ekonomickej, sociálnej a kultúrnej oblasti. Zhodnotenie ekonomických efektov podujatia Oberačka po sebechlebsky v obci Sebechleby, v okrese Krupina (Nitriansky kraj). 
610 2 0 |a ruch cestovný vidiecky 
610 2 0 |a agroturistika 
610 2 0 |a výdavky 
610 2 0 |a príjmy 
610 2 0 |a obce 
610 2 0 |a kraje 
610 2 0 |a regióny 
610 2 0 |a vinohradníctvo 
100 1 |a Michálková, Anna, 1968- 
700 1 |a Poliovková, Juliána